Computer Graphics (Record no. 21339)

MARC details
000 -LEADER
fixed length control field 00398nam a22001817a 4500
008 - FIXED-LENGTH DATA ELEMENTS--GENERAL INFORMATION
fixed length control field 250517b |||||||| |||| 00| 0 eng d
020 ## - INTERNATIONAL STANDARD BOOK NUMBER
ISBN 8120309448
022 ## - INTERNATIONAL STANDARD SERIAL NUMBER
ISSN 8120309448
082 ## - DEWEY DECIMAL CLASSIFICATION NUMBER
Classification number 105.3
100 ## - MAIN ENTRY--AUTHOR NAME
Personal name D. Hearn
245 ## - TITLE STATEMENT
Title Computer Graphics
250 ## - EDITION STATEMENT
Edition statement 2nd
260 ## - PUBLICATION, DISTRIBUTION, ETC. (IMPRINT)
Place of publication New Delhi
Name of publisher PHI
Year of publication 2007
300 ## - PHYSICAL DESCRIPTION
Number of Pages 652
650 ## - SUBJECT ADDED ENTRY--TOPICAL TERM
Topical Term Computers
700 ## - ADDED ENTRY--PERSONAL NAME
Personal name M. P. Baker
942 ## - ADDED ENTRY ELEMENTS (KOHA)
Source of classification or shelving scheme Dewey Decimal Classification
Koha item type Books
Holdings
Accession Number Cost, normal purchase price Full call number Price effective from Koha item type Withdrawn / writtenoff status Materials specified (bound volume or other part) Damaged status Not for loan Permanent Location Current Location Shelving location Date acquired Lost/ Missing status department
MC 1500 450.00 105.23 10/30/2022 Books   Print     MIET Library, Jammu MIET Library, Jammu BL-Academic Block- B, FL-2, CUP-146, SH-2, R-2 02/22/2008   MCA
MC 1501 450.00 105.3 05/17/2025 Books   Print     MIET Library, Jammu MIET Library, Jammu BL-Academic Block- B, FL-2, CUP-146, SH-2, R-2 02/22/2008   MCA
MC 1502 450.00 105.3 05/17/2025 Books         MIET Library, Jammu MIET Library, Jammu BL-Academic Block- B, FL-2, CUP-146, SH-2, R-2 05/17/2025   MCA
MC 1503 450.00 105.3 05/17/2025 Books   Print     MIET Library, Jammu MIET Library, Jammu BL-Academic Block- B, FL-2, CUP-146, SH-2, R-2 05/17/2025   MCA
MC 1504 450.00 105.3 05/17/2025 Books   Print     MIET Library, Jammu MIET Library, Jammu BL-Academic Block- B, FL-2, CUP-146, SH-2, R-2 02/22/2008   MCA